000 00326nam a2200133Ia 4500
005 20260328104339.0
008 260328s9999||||xx |||||||||||||| ||und||
100 _aFriedman, Yona
245 0 _aHacia una Arquitectura Científica /
_cYona Friedman
260 _bAlianza
300 _a53 p.
650 _aHISTORIA
942 _cBK
999 _c12039
_d12039